| 000 | 00757cam a2200241u 4500 | ||
|---|---|---|---|
| 001 | 26601 | ||
| 003 | BD-RjUL | ||
| 005 | 20211209051036.0 | ||
| 008 | 140323s1956 enka 001 0 eng | ||
| 035 | _a(BD-RjUL)26671 | ||
| 040 |
_aDLC _cCarP _dDLC _dBD-RjUL _beng |
||
| 041 | _aeng | ||
| 082 |
_a954.71 _bBIT 1956 |
||
| 100 | 1 |
_aBirdwood, Christopher Bromhead Birdwood, _d1899- [from old catalog] _981789 |
|
| 245 | 1 | 0 |
_aTwo nations and Kashmir / _cby Christopher Bromhead Birdwood Birdwood, baron. |
| 260 |
_aLondon : _bR. Hale, _c1956. |
||
| 300 |
_axvii, 237 p. : _billus. ; _c23 cm. |
||
| 504 | _aIncludes index. | ||
| 651 | 0 |
_aJammu and Kashmir (India) _xHistory. _980934 |
|
| 942 |
_2ddc _cBK |
||
| 999 |
_c26601 _d26601 |
||